| 000 | 00706nam a2200193 4500 | ||
|---|---|---|---|
| 999 |
_c121162 _d121162 |
||
| 001 | K121162 | ||
| 007 | ta | ||
| 008 | 191120b2019 ||||| |||| 00| 0 eng d | ||
| 041 | _aeng | ||
| 100 | _aCharlwood, Ralph | ||
| 245 | _ait's better to be safe than sorry | ||
| 490 |
_aEstates Gazette _v(1945) 9 November 2019, 42-43(2) |
||
| 520 | _aExplains why APC candidates are required to demonstrate their knowledge of RICS guidance note Surveying Safely. Highlights key points including Safe person, risk assessments and ways to minimise risk and mental health and well being. | ||
| 650 | _aAPC | ||
| 650 | _aRisk | ||
| 651 | _aUnited Kingdom 1973 | ||
| 690 |
_96244 _aHealth and safety |
||
| 942 | _2ddc | ||